[Event "Madrid 2023-2024ch - Previa A"]
[Site "Madrid ESP"]
[Date "2024.02.07"]
[Round "2.11"]
[White "Diaz Garcia-Heras, Jose J."]
[Black "Calderon Rojo, Borja"]
[Result "0-1"]
[WhiteElo "1697"]
[BlackElo "1815"]
[PlyCount "58"]
[EventDate "2024.02.05"]
[EventType "swiss"]
[EventRounds "9"]
[EventCountry "ESP"]
[SourceTitle "Ajedrez en Madrid"]
[Source "lmi"]
[SourceDate "2024.02.06"]
[SourceVersion "1"]
[SourceVersionDate "2024.03.02"]
[SourceQuality "1"]

1. e4 c5 2. Nf3 Nc6 3. Bc4 e6 4. d3 d5 5. exd5 exd5 6. Bb3 Nf6 7. O-O Be7 8.
Bg5 O-O 9. h3 h6 10. Bxf6 Bxf6 11. c3 Qd6 12. Nbd2 Bf5 13. Bc2 Rad8 14. Re1 b5
15. Nb3 b4 16. d4 Bxc2 17. Qxc2 c4 18. Nc5 Rb8 19. Qf5 Rfd8 20. Nh2 Bxd4 21.
Ne4 dxe4 22. cxd4 Qd5 23. Qxd5 Rxd5 24. Rxe4 Rxd4 25. Rae1 c3 26. Rxd4 Nxd4 27.
bxc3 bxc3 28. Nf3 Nxf3+ 29. gxf3 c2 0-1

[Event "Madrid 2023-2024ch - Previa A"]
[Site "Madrid ESP"]
[Date "2024.02.07"]
[Round "2.12"]
[White "Garcia Gonzalez, Pedro A."]
[Black "Garcia Galeote, Lorenzo"]
[Result "0-1"]
[WhiteElo "1694"]
[BlackElo "1801"]
[PlyCount "88"]
[EventDate "2024.02.05"]
[EventType "swiss"]
[EventRounds "9"]
[EventCountry "ESP"]
[SourceTitle "Ajedrez en Madrid"]
[Source "lmi"]
[SourceDate "2024.02.06"]
[SourceVersion "1"]
[SourceVersionDate "2024.03.02"]
[SourceQuality "1"]

1. d4 g6 2. e4 Bg7 3. Nf3 d6 4. Bd3 Bg4 5. c3 Nc6 6. h3 Bxf3 7. Qxf3 e5 8. d5
Nce7 9. c4 h6 10. Nc3 Qd7 11. g4 Nf6 12. Be3 h5 13. g5 Nh7 14. O-O-O O-O 15.
Rdg1 a6 16. Kb1 c5 17. Qe2 Rfb8 18. Qc2 b5 19. Rg3 bxc4 20. Bxc4 Rb4 21. Nd1
Nc8 22. Bd2 Rb7 23. h4 Nb6 24. Rhh3 Nxc4 25. Qxc4 Rb5 26. Ka1 Nf8 27. Kb1 Qc8
28. Kc1 Nd7 29. Rb3 Nb6 30. Qe2 c4 31. Rhc3 cxb3 32. Rxc8+ Rxc8+ 33. Kb1 bxa2+
34. Kxa2 Rb8 35. Bc3 Na4 36. b4 Nxc3+ 37. Nxc3 Rxb4 38. Qxa6 Rb2+ 39. Ka1 R8b6
40. Qa5 f6 41. Na4 R6b4 42. Qa6 fxg5 43. hxg5 Bf8 44. Nc3 R2b3 0-1

[Event "Madrid 2023-2024ch - Previa A"]
[Site "Madrid ESP"]
[Date "2024.02.07"]
[Round "2.13"]
[White "Guardiola Sevilla, Antonio"]
[Black "Marin Lopez, Jeronimo"]
[Result "1/2-1/2"]
[WhiteElo "1607"]
[BlackElo "1797"]
[PlyCount "124"]
[EventDate "2024.02.05"]
[EventType "swiss"]
[EventRounds "9"]
[EventCountry "ESP"]
[SourceTitle "Ajedrez en Madrid"]
[Source "lmi"]
[SourceDate "2024.02.06"]
[SourceVersion "1"]
[SourceVersionDate "2024.03.02"]
[SourceQuality "1"]

1. e4 d6 2. d4 Nf6 3. Nc3 e5 4. dxe5 dxe5 5. Qxd8+ Kxd8 6. Bg5 Be6 7. O-O-O+
Nbd7 8. Nd5 Kc8 9. f3 c6 10. Nc3 Bb4 11. Bd2 Kc7 12. a3 Bd6 13. Nge2 b5 14. Nb1
a5 15. g4 Rhb8 16. g5 Nh5 17. Ng3 Nf4 18. Nf5 Bf8 19. Nd4 Nc5 20. Nxe6+ Nfxe6
21. b4 axb4 22. axb4 Na4 23. Bh3 Nd4 24. Be3 Rd8 25. Bxd4 exd4 26. c3 Nxc3 27.
Nxc3 dxc3 28. Rxd8 Rxd8 29. Rd1 Rxd1+ 30. Kxd1 Bxb4 31. Kc2 Kd6 32. Bg4 Ke5 33.
Bd7 Kd6 34. Be8 f6 35. gxf6 gxf6 36. f4 Ba5 37. e5+ fxe5 38. fxe5+ Kd5 39. e6
b4 40. e7 Kd6 41. Bxc6 Kxe7 42. Be4 h6 43. Kb3 Kd6 44. Ka4 Kc5 45. Bc2 Kc4 46.
h3 h5 47. Bg6 h4 48. Bf7+ Kd3 49. Kb3 Kd2 50. Bg6 Bc7 51. Bf5 Bd6 52. Bc2 Ke3
53. Bf5 Be7 54. Kc2 Kd4 55. Be6 Bg5 56. Bf5 Ke5 57. Bd3 Bd2 58. Bg6 Kd4 59. Bf5
Kc4 60. Be6+ Kb5 61. Kb3 Be3 62. Bd7+ Ka5 1/2-1/2

[Event "Madrid 2023-2024ch - Previa A"]
[Site "Madrid ESP"]
[Date "2024.02.07"]
[Round "2.14"]
[White "Sanchez Liso, Juan A"]
[Black "Sanchez Rodriguez, Jaime"]
[Result "0-1"]
[WhiteElo "1507"]
[BlackElo "1791"]
[PlyCount "114"]
[EventDate "2024.02.05"]
[EventType "swiss"]
[EventRounds "9"]
[EventCountry "ESP"]
[SourceTitle "Ajedrez en Madrid"]
[Source "lmi"]
[SourceDate "2024.02.06"]
[SourceVersion "1"]
[SourceVersionDate "2024.03.02"]
[SourceQuality "1"]

1. d4 d5 2. Bf4 e6 3. e3 Bd6 4. Qg4 g6 5. Qf3 Qe7 6. h4 e5 7. dxe5 Bxe5 8. Bxe5
Qxe5 9. Nc3 Nf6 10. Nh3 Bf5 11. Qf4 Nbd7 12. O-O-O c6 13. Qxe5+ Nxe5 14. f3
O-O-O 15. g4 Be6 16. Bg2 Rhe8 17. Nf2 Nc4 18. Rhe1 Nd7 19. b3 Ncb6 20. e4 Nf6
21. e5 Nfd7 22. Nd3 f5 23. g5 d4 24. Ne2 c5 25. Nef4 Nd5 26. Nxd5 Bxd5 27. Bh1
b6 28. f4 Nf8 29. Bxd5 Rxd5 30. a4 Ne6 31. Rh1 Ng7 32. Rde1 Kd7 33. Kd2 a6 34.
Ke2 Ke6 35. Rd1 Red8 36. Nb2 R5d7 37. Nc4 b5 38. axb5 axb5 39. Nd6 Rb8 40. Ra1
Ne8 41. h5 Nxd6 42. exd6 Rxd6 43. hxg6 hxg6 44. Kd3 Kd5 45. Ra7 c4+ 46. bxc4+
bxc4+ 47. Kd2 Ke4 48. Rf1 c3+ 49. Ke2 Re6 50. Ra4 Rb2 51. Kf2 Rxc2+ 52. Kg3 Kd3
53. Rf3+ Re3 54. Ra6 Rxf3+ 55. Kxf3 Re2 56. Rxg6 c2 57. Rd6 Re1 0-1

[Event "Madrid 2023-2024ch - Previa A"]
[Site "Madrid ESP"]
[Date "2024.02.07"]
[Round "2.15"]
[White "Fernandez Aransay, Fernando"]
[Black "Mejias Gonzalez, Pedro"]
[Result "1-0"]
[WhiteElo "1789"]
[BlackElo "1500"]
[PlyCount "79"]
[EventDate "2024.02.05"]
[EventType "swiss"]
[EventRounds "9"]
[EventCountry "ESP"]
[SourceTitle "Ajedrez en Madrid"]
[Source "lmi"]
[SourceDate "2024.02.06"]
[SourceVersion "1"]
[SourceVersionDate "2024.03.02"]
[SourceQuality "1"]

1. e4 d5 2. exd5 Nf6 3. d4 Nxd5 4. Nf3 Bg4 5. a3 e6 6. c4 Nf6 7. Nc3 c6 8. Be3
Be7 9. Be2 O-O 10. O-O Nbd7 11. h3 Bh5 12. c5 Bxf3 13. Bxf3 Nd5 14. Nxd5 exd5
15. Bf4 Nf6 16. Re1 Re8 17. Qd3 Qd7 18. Bg5 h6 19. Bh4 g5 20. Bg3 Bf8 21. Be5
Bg7 22. Re3 Re7 23. Rae1 Rae8 24. Bd1 Ne4 25. Bg4 Qd8 26. Bxg7 Kxg7 27. Bf5 Nf6
28. Rxe7 Rxe7 29. Rxe7 Qxe7 30. Qe3 Qd8 31. b4 Nd7 32. Qg3 Kf8 33. Qd6+ Ke8 34.
Qxh6 Qe7 35. Kf1 Kd8 36. g3 Kc7 37. h4 f6 38. Qh7 Qxh7 39. Bxh7 gxh4 40. gxh4
1-0

[Event "Madrid 2023-2024ch - Previa A"]
[Site "Madrid ESP"]
[Date "2024.02.07"]
[Round "2.18"]
[White "Martinez Pintor, Juan"]
[Black "Lozano Arribas, Carlos"]
[Result "0-1"]
[WhiteElo "1566"]
[BlackElo "1975"]
[PlyCount "108"]
[EventDate "2024.02.05"]
[EventType "swiss"]
[EventRounds "9"]
[EventCountry "ESP"]
[SourceTitle "Ajedrez en Madrid"]
[Source "lmi"]
[SourceDate "2024.02.06"]
[SourceVersion "1"]
[SourceVersionDate "2024.03.02"]
[SourceQuality "1"]

1. d4 Nf6 2. c4 e6 3. Nc3 Bb4 4. a3 Bxc3+ 5. bxc3 c5 6. f3 d5 7. cxd5 exd5 8.
e3 O-O 9. Bd3 Re8 10. Ne2 b6 11. Ng3 Ba6 12. Bxa6 Nxa6 13. O-O Nb8 14. Qd3 Nc6
15. Bd2 Rc8 16. Rfe1 Qd7 17. Qf5 Qxf5 18. Nxf5 Re6 19. Ng3 Na5 20. Rad1 cxd4
21. exd4 Rce8 22. Rxe6 Rxe6 23. Kf2 Nc4 24. Bc1 Ne8 25. Re1 Rxe1 26. Kxe1 Ned6
27. Kd1 f6 28. Nf1 Kf7 29. Ne3 Nxe3+ 30. Bxe3 Nc4 31. Bc1 b5 32. Kc2 h5 33. Kb3
a5 34. Kc2 g5 35. Kd3 Kg6 36. h3 Kf5 37. g4+ Kg6 38. Ke2 f5 39. Kd3 Nd6 40. Kc2
a4 41. Bd2 hxg4 42. hxg4 fxg4 43. fxg4 Ne4 44. Kd3 Nf2+ 45. Ke2 Nxg4 46. Kf3
Kf5 47. Kg3 Nf6 48. Kf3 Ne4 49. Be1 Nd6 50. Bd2 g4+ 51. Kg2 Nc4 52. Bc1 Ke4 53.
Kg3 Kd3 54. Kxg4 Kxc3 0-1

[Event "Madrid 2023-2024ch - Previa A"]
[Site "Madrid ESP"]
[Date "2024.02.07"]
[Round "2.19"]
[White "Blazquez Sanz, Oscar"]
[Black "Sanchez Arriola, Ignacio"]
[Result "1-0"]
[WhiteElo "1924"]
[BlackElo "1626"]
[PlyCount "120"]
[EventDate "2024.02.05"]
[EventType "swiss"]
[EventRounds "9"]
[EventCountry "ESP"]
[SourceTitle "Ajedrez en Madrid"]
[Source "lmi"]
[SourceDate "2024.02.06"]
[SourceVersion "1"]
[SourceVersionDate "2024.03.02"]
[SourceQuality "1"]

1. e4 c6 2. Ne2 d5 3. e5 d4 4. c3 dxc3 5. Nbxc3 Bg4 6. d4 e6 7. h3 Bxe2 8. Bxe2
Ne7 9. O-O Nd5 10. Nxd5 Qxd5 11. f4 g6 12. Be3 Nd7 13. Bf3 Qa5 14. Qc2 Rc8 15.
Rfc1 Be7 16. Rab1 a6 17. b4 Qd8 18. b5 Ba3 19. Rd1 axb5 20. Qb3 Ra8 21. d5 exd5
22. Bxd5 O-O 23. Bxf7+ Rxf7 24. e6 Re7 25. exd7+ Rf7 26. Rd2 Be7 27. Rbd1 Qc7
28. Qe6 Rd8 29. Kh1 Kf8 30. f5 Kg7 31. Bd4+ Bf6 32. Bxf6+ Rxf6 33. Qe7+ Rf7 34.
f6+ Kg8 35. Qe8+ Rf8 36. Qe6+ Rf7 37. Rf2 Kf8 38. Rfd2 Qb6 39. Re2 Kg8 40. Qe8+
Rf8 41. Qe6+ Rf7 42. Qe8+ Rf8 43. f7+ Kg7 44. Qe5+ Kxf7 45. Rf1+ Kg8 46. Qe6+
Kg7 47. Qe7+ Kg8 48. Rxf8+ Rxf8 49. Qxf8+ Kxf8 50. Re8+ Kg7 51. d8=Q Qf2 52.
Qe7+ Kh6 53. Qe3+ Qxe3 54. Rxe3 Kg5 55. Rf3 c5 56. Kg1 b6 57. Kf2 c4 58. a3 h5
59. Ke3 b4 60. axb4 b5 1-0

[Event "Madrid 2023-2024ch - Previa A"]
[Site "Madrid ESP"]
[Date "2024.02.07"]
[Round "2.20"]
[White "Cabanas Bravo, Juan Andres"]
[Black "De Luna Butz, Alberto"]
[Result "1/2-1/2"]
[WhiteElo "1906"]
[BlackElo "1647"]
[PlyCount "72"]
[EventDate "2024.02.05"]
[EventType "swiss"]
[EventRounds "9"]
[EventCountry "ESP"]
[SourceTitle "Ajedrez en Madrid"]
[Source "lmi"]
[SourceDate "2024.02.06"]
[SourceVersion "1"]
[SourceVersionDate "2024.03.02"]
[SourceQuality "1"]

1. e4 d5 2. exd5 Qxd5 3. Nc3 Qd6 4. Nb5 Qb6 5. d4 c6 6. Na3 Nf6 7. Nc4 Qc7 8.
Nf3 Be6 9. Nfe5 Bxc4 10. Bxc4 e6 11. Bf4 Bd6 12. Qe2 O-O 13. g4 b5 14. Bb3 Nd5
15. Bg3 Nd7 16. c3 Nxe5 17. dxe5 Be7 18. h4 Rfd8 19. Qe4 Rd7 20. Bc2 g6 21. h5
Kg7 22. hxg6 hxg6 23. Qg2 Rh8 24. Rxh8 Kxh8 25. Qh2+ Kg8 26. O-O-O Bf8 27. Be4
Bg7 28. f4 Ne3 29. Rxd7 Qxd7 30. Qe2 Nd5 31. Qd3 Qb7 32. c4 bxc4 33. Qxc4 Qb6
34. Qe2 Qg1+ 35. Be1 Nxf4 36. Qf2 Qxg4 1/2-1/2

[Event "Madrid 2023-2024ch - Previa A"]
[Site "Madrid ESP"]
[Date "2024.02.07"]
[Round "2.21"]
[White "Martin-Consuegra Barrilero, Javi"]
[Black "Alvarez Abejon, Amilcar"]
[Result "0-1"]
[WhiteElo "1673"]
[BlackElo "1874"]
[PlyCount "100"]
[EventDate "2024.02.05"]
[EventType "swiss"]
[EventRounds "9"]
[EventCountry "ESP"]
[SourceTitle "Ajedrez en Madrid"]
[Source "lmi"]
[SourceDate "2024.02.06"]
[SourceVersion "1"]
[SourceVersionDate "2024.03.02"]
[SourceQuality "1"]

1. d4 Nf6 2. Bf4 g6 3. h3 Bg7 4. e3 O-O 5. Nf3 d6 6. Be2 c5 7. c3 Nc6 8. Nbd2
Be6 9. Bc4 Bxc4 10. Nxc4 b5 11. Ncd2 b4 12. O-O bxc3 13. bxc3 Nd5 14. c4 Nxf4
15. exf4 Nxd4 16. Nxd4 Bxd4 17. Rb1 Qd7 18. Nf3 Bf6 19. Re1 Qf5 20. Qd2 Rab8
21. Rb3 Rxb3 22. axb3 Rb8 23. g4 Qd7 24. Qd3 Qb7 25. Re3 a5 26. g5 Bg7 27. f5
Qd7 28. fxg6 hxg6 29. Nd2 Bd4 30. Rf3 a4 31. bxa4 Qxa4 32. Nb3 Be5 33. Kg2 Rb4
34. Nxc5 Qc6 35. Ne6 Qxc4 36. Qxc4 Rxc4 37. Nd8 Bf4 38. h4 Kf8 39. Rb3 Ke8 40.
Nb7 Bd2 41. Kh3 Rc3+ 42. Rxc3 Bxc3 43. f4 Kd7 44. Kg4 Kc7 45. Nxd6 Kxd6 46. f5
Ke5 47. fxg6 fxg6 48. h5 gxh5+ 49. Kxh5 Kf5 50. g6 Bg7 0-1

[Event "Madrid 2023-2024ch - Previa A"]
[Site "Madrid ESP"]
[Date "2024.02.07"]
[Round "2.23"]
[White "Moreno Torrero, Javier"]
[Black "Martinez Miura, Enrique"]
[Result "1-0"]
[WhiteElo "1879"]
[BlackElo "1495"]
[PlyCount "61"]
[EventDate "2024.02.05"]
[EventType "swiss"]
[EventRounds "9"]
[EventCountry "ESP"]
[SourceTitle "Ajedrez en Madrid"]
[Source "lmi"]
[SourceDate "2024.02.06"]
[SourceVersion "1"]
[SourceVersionDate "2024.03.02"]
[SourceQuality "1"]

1. d4 d5 2. c4 e6 3. Nc3 Nf6 4. Nf3 Be7 5. Bg5 O-O 6. e3 c6 7. Qc2 Nbd7 8.
O-O-O dxc4 9. Bxc4 b5 10. Bd3 h6 11. Bxf6 Nxf6 12. Ne5 Bb7 13. Kb1 a6 14. Rhg1
Nd5 15. Nxd5 cxd5 16. g4 Rc8 17. Qe2 Bf6 18. g5 Bxe5 19. dxe5 g6 20. gxh6 Kh7
21. Qg4 Rg8 22. h4 Qe8 23. h5 Rc4 24. hxg6+ fxg6 25. Bxc4 dxc4 26. Rd6 Bc8 27.
Rgd1 Qe7 28. f4 Qc7 29. Qg5 b4 30. Rd7+ Bxd7 31. Qe7+ 1-0

[Event "Madrid 2023-2024ch - Previa A"]
[Site "Madrid ESP"]
[Date "2024.02.07"]
[Round "2.24"]
[White "Ramirez Bulnes, Joaquin"]
[Black "Peiro Guevara, Hector"]
[Result "1-0"]
[WhiteElo "1806"]
[BlackElo "1460"]
[PlyCount "65"]
[EventDate "2024.02.05"]
[EventType "swiss"]
[EventRounds "9"]
[EventCountry "ESP"]
[SourceTitle "Ajedrez en Madrid"]
[Source "lmi"]
[SourceDate "2024.02.06"]
[SourceVersion "1"]
[SourceVersionDate "2024.03.02"]
[SourceQuality "1"]

1. c4 e5 2. Nc3 Nf6 3. g3 Nc6 4. Bg2 a6 5. e3 g6 6. Nge2 Bg7 7. O-O d6 8. d4
O-O 9. Re1 Bf5 10. e4 Bd7 11. d5 Ne7 12. Bg5 h6 13. Bxf6 Bxf6 14. Qd2 Bg7 15.
Kh1 Kh7 16. b4 f5 17. f4 fxe4 18. Bxe4 Bf5 19. Rac1 Qd7 20. Ng1 Ng8 21. Rf1
Rae8 22. Rce1 exf4 23. Bxf5 gxf5 24. gxf4 Bxc3 25. Qxc3 Nf6 26. Qh3 Ng4 27. Qh4
Re4 28. h3 Nf6 29. Nf3 Kh8 30. Qxh6+ Nh7 31. Ng5 Rxe1 32. Rxe1 Rf6 33. Re8+ 1-0

[Event "Madrid 2023-2024ch - Previa A"]
[Site "Madrid ESP"]
[Date "2024.02.07"]
[Round "2.26"]
[White "Hernandez Gutierrez, Jose"]
[Black "Gonzalez Bolado, David"]
[Result "1-0"]
[WhiteElo "1712"]
[BlackElo "1406"]
[PlyCount "77"]
[EventDate "2024.02.05"]
[EventType "swiss"]
[EventRounds "9"]
[EventCountry "ESP"]
[SourceTitle "Ajedrez en Madrid"]
[Source "lmi"]
[SourceDate "2024.02.06"]
[SourceVersion "1"]
[SourceVersionDate "2024.03.02"]
[SourceQuality "1"]

1. d4 Nf6 2. Bf4 g6 3. Nc3 d5 4. e3 Bg7 5. h4 h5 6. Nf3 O-O 7. Ne5 Ng4 8. Nxg4
Bxg4 9. f3 Be6 10. g4 Nd7 11. gxh5 gxh5 12. Bd3 f5 13. Rg1 Kf7 14. Qd2 Nf6 15.
Qg2 Rg8 16. Qg6+ Kf8 17. O-O-O Qe8 18. Bxf5 Qxg6 19. Bxg6 c6 20. e4 Bf7 21. Bf5
e6 22. Bh3 Nd7 23. exd5 cxd5 24. Nxd5 e5 25. dxe5 Nxe5 26. Rxg7 Rxg7 27. Bxe5
Rg8 28. Bd6+ Kg7 29. Rg1+ Kh7 30. Nf6+ Kh8 31. Nxg8 Rxg8 32. Be5+ Kh7 33. Bf5+
Bg6 34. Bxg6+ Rxg6 35. Rxg6 Kxg6 36. Kd2 Kf5 37. Bb8 a6 38. Ke3 b5 39. b4 1-0

[Event "Madrid 2023-2024ch - Previa A"]
[Site "Madrid ESP"]
[Date "2024.02.07"]
[Round "2.27"]
[White "Laveda Ayllon, Jose David"]
[Black "Vasquez Escobar, Andres Eloy"]
[Result "1-0"]
[WhiteElo "1703"]
[BlackElo "1391"]
[PlyCount "79"]
[EventDate "2024.02.05"]
[EventType "swiss"]
[EventRounds "9"]
[EventCountry "ESP"]
[SourceTitle "Ajedrez en Madrid"]
[Source "lmi"]
[SourceDate "2024.02.06"]
[SourceVersion "1"]
[SourceVersionDate "2024.03.02"]
[SourceQuality "1"]

1. d4 c5 2. d5 e5 3. c4 d6 4. Nc3 Nf6 5. e4 Be7 6. h3 Na6 7. Nf3 Bd7 8. Be2 O-O
9. O-O Nc7 10. a3 Rb8 11. b4 b6 12. b5 Qc8 13. Nh2 Re8 14. Ng4 Nxg4 15. Bxg4 f5
16. exf5 Bxf5 17. Qf3 Rf8 18. Ne4 Bxg4 19. Qxg4 Qxg4 20. hxg4 Ne8 21. a4 h6 22.
a5 Nf6 23. Nxf6+ Bxf6 24. axb6 axb6 25. Bb2 e4 26. Bxf6 gxf6 27. Rfe1 Rfe8 28.
Ra7 Kf8 29. Rd7 Rbd8 30. Rxd8 Rxd8 31. Rxe4 Re8 32. Rxe8+ Kxe8 33. Kf1 Kf7 34.
Ke2 Kg6 35. Kf3 Kg5 36. Kg3 Kg6 37. Kf4 Kg7 38. Kf5 Kf7 39. g3 Ke7 40. Kg6 1-0

[Event "Madrid 2023-2024ch - Previa A"]
[Site "Madrid ESP"]
[Date "2024.02.07"]
[Round "2.28"]
[White "Perez Hernandez, Alfonso"]
[Black "Melero Fernandez, Jose M"]
[Result "1-0"]
[WhiteElo "1658"]
[BlackElo "1385"]
[PlyCount "77"]
[EventDate "2024.02.05"]
[EventType "swiss"]
[EventRounds "9"]
[EventCountry "ESP"]
[SourceTitle "Ajedrez en Madrid"]
[Source "lmi"]
[SourceDate "2024.02.06"]
[SourceVersion "1"]
[SourceVersionDate "2024.03.02"]
[SourceQuality "1"]

1. c4 c5 2. Nc3 Nc6 3. g3 g6 4. Bg2 Bg7 5. e4 e5 6. Nge2 Nge7 7. O-O O-O 8. d3
d6 9. a3 a5 10. Rb1 Rb8 11. Bg5 Be6 12. Nd5 f6 13. Bd2 Bf7 14. b4 axb4 15. axb4
b6 16. b5 Nxd5 17. exd5 Ne7 18. Ra1 Ra8 19. Qc2 f5 20. Bc3 Qc7 21. Qb2 g5 22.
f4 gxf4 23. Nxf4 Qd7 24. Ne6 Bh8 25. Nxf8 Rxf8 26. Ra6 Rb8 27. Bh3 h6 28. Qa1
Qc8 29. Ra7 Bf6 30. Qd1 Bg6 31. Kh1 Kh7 32. Rf2 Qd8 33. Bxf5 Qe8 34. Qf1 Kg7
35. Bd2 Bf7 36. Bd7 Qg8 37. Rxf6 Nc8 38. Be6 Nxa7 39. Rxf7+ 1-0

[Event "Madrid 2023-2024ch - Previa A"]
[Site "Madrid ESP"]
[Date "2024.02.07"]
[Round "2.29"]
[White "Cujba, Anca-Claudia"]
[Black "Ropero Galan, Samuel"]
[Result "1-0"]
[WhiteElo "1633"]
[BlackElo "1380"]
[PlyCount "81"]
[EventDate "2024.02.05"]
[EventType "swiss"]
[EventRounds "9"]
[EventCountry "ESP"]
[SourceTitle "Ajedrez en Madrid"]
[Source "lmi"]
[SourceDate "2024.02.06"]
[SourceVersion "1"]
[SourceVersionDate "2024.03.02"]
[SourceQuality "1"]

1. e4 c5 2. Nf3 Nc6 3. g3 e6 4. d3 d5 5. Qe2 dxe4 6. dxe4 e5 7. c3 Nf6 8. Bg2
Be7 9. O-O Bg4 10. h3 Bh5 11. Nbd2 a6 12. a4 Qd7 13. g4 Bg6 14. b3 h5 15. g5
Nh7 16. Nc4 Qc7 17. Rd1 Rd8 18. Rxd8+ Bxd8 19. Qd3 O-O 20. Qd5 Be7 21. Qd3 Rd8
22. Qc2 f6 23. Nh4 Nf8 24. gxf6 Bxf6 25. Nxg6 Nxg6 26. Qe2 Nh4 27. Qxh5 Nxg2
28. Kxg2 Ne7 29. Qe2 Ng6 30. Qg4 Kf7 31. Ne3 Nf4+ 32. Kf1 Qd6 33. Ba3 Qd3+ 34.
Kg1 Rh8 35. Rd1 Ne2+ 36. Kh2 Qxc3 37. Qxe2 Bg5 38. Rd7+ Ke6 39. Rxb7 Bf4+ 40.
Kg2 Kf6 41. Nd5+ 1-0

[Event "Madrid 2023-2024ch - Previa A"]
[Site "Madrid ESP"]
[Date "2024.02.07"]
[Round "2.30"]
[White "Rodriguez Rodriguez, Ricardo"]
[Black "Rubio Rivera, Felix"]
[Result "1-0"]
[WhiteElo "1685"]
[BlackElo "1491"]
[PlyCount "63"]
[EventDate "2024.02.05"]
[EventType "swiss"]
[EventRounds "9"]
[EventCountry "ESP"]
[SourceTitle "Ajedrez en Madrid"]
[Source "lmi"]
[SourceDate "2024.02.06"]
[SourceVersion "1"]
[SourceVersionDate "2024.03.02"]
[SourceQuality "1"]

1. Nf3 Nf6 2. d4 e6 3. e3 d5 4. Bd3 Bd6 5. Nbd2 Nbd7 6. b3 b6 7. Bb2 Bb7 8. Ne5
c5 9. f4 Rc8 10. O-O O-O 11. g4 Bxe5 12. dxe5 Ne4 13. Nxe4 dxe4 14. Bc4 Qc7 15.
Qe1 a6 16. a4 Rcd8 17. Qe2 a5 18. Qf2 Bd5 19. Qe2 Bxc4 20. Qxc4 Qc6 21. Rad1
Nb8 22. f5 exf5 23. gxf5 h6 24. Qc3 Rfe8 25. e6 f6 26. Qe1 Qc7 27. Qh4 Nc6 28.
Qxe4 Ne7 29. Rfe1 Rd6 30. Qg4 Nd5 31. e4 Ne3 32. Rxe3 1-0

[Event "Madrid 2023-2024ch - Previa A"]
[Site "Madrid ESP"]
[Date "2024.02.07"]
[Round "2.31"]
[White "Fernandez Rios, Jose Francisco"]
[Black "Calle Trueba, Jose Antonio"]
[Result "1/2-1/2"]
[WhiteElo "1622"]
[BlackElo "1378"]
[PlyCount "58"]
[EventDate "2024.02.05"]
[EventType "swiss"]
[EventRounds "9"]
[EventCountry "ESP"]
[SourceTitle "Ajedrez en Madrid"]
[Source "lmi"]
[SourceDate "2024.02.06"]
[SourceVersion "1"]
[SourceVersionDate "2024.03.02"]
[SourceQuality "1"]

1. d4 d5 2. c4 e5 3. dxe5 d4 4. Nf3 Nc6 5. g3 Bg4 6. Bg2 Qd7 7. O-O O-O-O 8.
Qb3 h5 9. Rd1 Bc5 10. Bg5 f6 11. exf6 gxf6 12. Bf4 Bh3 13. Nbd2 Bxg2 14. Kxg2
Nge7 15. Ne4 Qf5 16. Nxc5 Qxc5 17. Rac1 Ng6 18. Qb5 Nxf4+ 19. gxf4 Rdg8+ 20.
Kh1 Qe7 21. Qf5+ Kb8 22. Qd3 Re8 23. Re1 Qd6 24. e3 Nb4 25. Qd1 d3 26. a3 d2
27. Qxd2 Qxd2 28. Nxd2 Nd3 29. Nf3 Nxe1 1/2-1/2

[Event "Madrid 2023-2024ch - Previa A"]
[Site "Madrid ESP"]
[Date "2024.02.07"]
[Round "2.32"]
[White "Lopez Manso, Jeronimo"]
[Black "Perez Suchan, Saul Mario"]
[Result "1/2-1/2"]
[WhiteElo "1298"]
[BlackElo "1561"]
[PlyCount "150"]
[EventDate "2024.02.05"]
[EventType "swiss"]
[EventRounds "9"]
[EventCountry "ESP"]
[SourceTitle "Ajedrez en Madrid"]
[Source "lmi"]
[SourceDate "2024.02.06"]
[SourceVersion "1"]
[SourceVersionDate "2024.03.02"]
[SourceQuality "1"]

1. c4 b5 2. cxb5 d5 3. Nf3 Bf5 4. e3 Qd6 5. Nd4 Bg6 6. Be2 e5 7. Nf3 h6 8. O-O
Be7 9. Nc3 Nf6 10. d4 e4 11. Ne5 Bh7 12. Qb3 O-O 13. Bd2 Nbd7 14. Nc6 Nb8 15.
Na5 Qb4 16. Nb1 Qxb3 17. Nxb3 Nbd7 18. Nc3 Bf5 19. h3 Be6 20. Na5 Bd6 21. Nc6
Ne8 22. f4 f5 23. Rac1 Bf7 24. Ne5 Bxe5 25. fxe5 Be6 26. Na4 g5 27. Bh5 Rc8 28.
Bb4 Rf7 29. Bxf7+ Kxf7 30. Nc5 Nxc5 31. Rxc5 Rb8 32. a4 a6 33. Ba5 axb5 34.
Bxc7 Rb7 35. Ba5 bxa4 36. Bc3 Ra7 37. Ra5 Rxa5 38. Bxa5 Bd7 39. Rc1 Ke6 40. Kf2
f4 41. Bd2 fxe3+ 42. Kxe3 Ng7 43. g4 Ne8 44. Ba5 Ng7 45. Bd8 Ne8 46. Rf1 Bb5
47. Rf8 Kd7 48. Bf6 Bf1 49. Rf7+ Kc6 50. Re7 Nc7 51. Rh7 Bxh3 52. Rxh6 Bxg4 53.
Bxg5+ Ne6 54. Kd2 Kb5 55. Be7 Nxd4 56. Bd8 e3+ 57. Kd3 Ne6 58. Rxe6 Bxe6 59.
Kxe3 Kc4 60. Ba5 Kb3 61. Kd3 Kxb2 62. Bc3+ Kb3 63. Kd2 a3 64. Bd4 Kc4 65. Ba1
d4 66. Kc2 Bf5+ 67. Kd2 Kd5 68. e6 Bxe6 69. Kc2 Bf5+ 70. Kb3 d3 71. Bc3 Ke4 72.
Bd2 Kf3 73. Kxa3 Ke2 74. Bc3 d2 75. Bxd2 Kxd2 1/2-1/2

[Event "Madrid 2023-2024ch - Previa A"]
[Site "Madrid ESP"]
[Date "2024.02.07"]
[Round "2.33"]
[White "Diaz Ramirez, Jaime"]
[Black "Benito Mellado, Humberto"]
[Result "1-0"]
[WhiteElo "1548"]
[BlackElo "1330"]
[PlyCount "63"]
[EventDate "2024.02.05"]
[EventType "swiss"]
[EventRounds "9"]
[EventCountry "ESP"]
[SourceTitle "Ajedrez en Madrid"]
[Source "lmi"]
[SourceDate "2024.02.06"]
[SourceVersion "1"]
[SourceVersionDate "2024.03.02"]
[SourceQuality "1"]

1. e4 c5 2. Nf3 d6 3. Bc4 e6 4. d3 Be7 5. h3 Nd7 6. Nbd2 a6 7. a3 b5 8. Ba2 Bb7
9. Nh2 d5 10. Qe2 Qc7 11. O-O Ne5 12. f4 Ng6 13. f5 Ne5 14. fxe6 fxe6 15. b4
Nf6 16. exd5 exd5 17. Bb2 d4 18. Rae1 Bd6 19. bxc5 Qxc5 20. Ndf3 Bxf3 21. Nxf3
Nfd7 22. Bxd4 Qxa3 23. Bb3 O-O-O 24. Bxe5 Bxe5 25. Nxe5 Rhe8 26. Qg4 Kc7 27.
Nxd7 Rxe1 28. Rxe1 Rxd7 29. Qg3+ Kb6 30. Re6+ Ka5 31. Qe1+ b4 32. Qe5+ 1-0

[Event "Madrid 2023-2024ch - Previa A"]
[Site "Madrid ESP"]
[Date "2024.02.07"]
[Round "2.34"]
[White "de Villota Borrego, Pablo"]
[Black "Ramos Antona, Enrique"]
[Result "0-1"]
[WhiteElo "1034"]
[BlackElo "1548"]
[PlyCount "72"]
[EventDate "2024.02.05"]
[EventType "swiss"]
[EventRounds "9"]
[EventCountry "ESP"]
[SourceTitle "Ajedrez en Madrid"]
[Source "lmi"]
[SourceDate "2024.02.06"]
[SourceVersion "1"]
[SourceVersionDate "2024.03.02"]
[SourceQuality "1"]

1. e4 c5 2. Bc4 e6 3. Nc3 Nc6 4. d3 Be7 5. Nf3 a6 6. a4 d6 7. Be3 Nf6 8. h3 h6
9. b3 Na5 10. Nd2 b6 11. Qf3 Bb7 12. O-O O-O 13. Qg3 Kh8 14. Bf4 Nh5 15. Qe3
Nxf4 16. Qxf4 Bg5 17. Qg3 Bxd2 18. Ne2 Nxc4 19. bxc4 Bg5 20. c3 e5 21. f3 Bc6
22. Rfd1 f5 23. exf5 Rxf5 24. d4 Qf6 25. Rd3 e4 26. fxe4 Bxe4 27. Rdd1 Bh4 28.
Qh2 Rf8 29. Ng3 Bxg3 30. Qxg3 Rg5 31. Qh2 Rxg2+ 32. Qxg2 Bxg2 33. Kxg2 Qf2+ 34.
Kh1 Rf3 35. Rd3 Rxd3 36. Rg1 Rxh3# 0-1